Specyfika perakladu slavackich prazaičnych faľklornych tekstau na belaruskuju movu

Bibliographic Details
Main Author: Ľašukova, Viktaryja, 1963- (Author)
Format: Article
Language:Belarusian
ISBN:9788080685829
Subjects:

MARC

LEADER 00000nab a2200000 a 4500
001 vtls009190151
003 SK-MaSNL
005 20260318114215.0
008 080310c2007 xo r m 100 00bel
015 |a SNBRA2008/03SVKPO 
038 |a SVKPO 
040 |a SVKPOCL  |c slo  |e AACR2 
041 0 |a bel 
044 |a xo  |c SK 
080 |a 81`255.4  |2 2001 
080 |a 82.035:821.162.4(=161.3)  |2 2001 
080 |a 821.162.4´255.4(=161.3)  |2 2001 
100 1 |a Ľašukova, Viktaryja,  |d 1963-  |4 aut  |9 1044274 
245 1 0 |a Specyfika perakladu slavackich prazaičnych faľklornych tekstau na belaruskuju movu  |c Viktoryja Ľašuk 
500 |a pozri aj Liashuk, Viktoria 
504 |a Bibliogr. odkazy 
546 |a Res. rus. 
650 0 7 |a literárny preklad  |2 SNKPH  |9 28595 
650 0 7 |a slovenská literatúra  |2 SNKPH  |9 1115 
650 0 7 |a teória prekladu  |2 SNKPH  |9 15928 
650 0 7 |a preklady do bieloruštiny  |2 SNKPH  |9 169690 
773 0 |t Vzťahy a súvislosti v umeleckom preklade : Zborník materiálov z medzinárodnej vedeckej konferencie, konanej v dňoch 15.-17. januára 2007 v Prešove  |d Prešov : Prešovská univerzita, 2007  |g S. 150-162  |z 9788080685829 
852 |a SVKPO  |b KIS3GCP 
958 |a SK 
958 |a NB 
958 |a LX 
958 |a BY 
999 |c 3366939  |d 3368869